000
00315nam a2200121Ia 4500
008
190216s9999||||xx |||||||||||||| ||und||
100
_a
Edmpnd J B .senn T L&Amp; Andres F S
245
0
_a
Fundamentas Of Horticulture
260
_b
Tata Mcgrawhill Publishers
_c
1957
300
_a
426p
650
_a
Botany
942
_c
BK
999
_c
1202
_d
1202